Manual para la matemática universitaria : (Registro nro. 13160)

Detalles MARC
000 -LIDER
fixed length control field 01033nam a22002537a 4500
003 - IDENTIFICACDOR DE NÚMERO DE CONTROL
control field DO-SdBNP
005 - DATE AND TIME OF LATEST TRANSACTION
control field 20231101095609.0
008 - ELEMENTOS DE LONGITUD FIJA
fixed length control field 171128b1996 sp 00| 0 spa d
020 ## - ISBN
International Standard Book Number 8473561309
040 ## - FUENTE DE CATALOGACIÓN
Agencia que crea de manera original el registro BPMSU
Idioma de catalogación spa
Agencia que realiza la transcripción BPMSU
082 #4 - NÚMERO DE CLASIFICACIÓN DECIMAL DE DEWEY
Classification number 510.7
Item number M294p 1996
Edition number 22
245 00 - MENCIÓN DE TITULO
Título Manual para la matemática universitaria :
Subtítulo análisis matemático /
Mención de responsabilidad Rafael Paniagua ... [et al.].
Designación de volumen y número de publicación o fecha de la obra
260 ## - PUBLICACIÓN, DISTRIBUCIÓN, ETC. (PIE DE IMPRENTA)
Lugar de publicación, distribución, etc Madrid :
Nombre del editor, distribuidor, etc. Ediciones Esic,
Fecha de publicación, distribución, etc 1996
300 ## - DESCRIPCIÓN FÍSICA
Extensión v. ;
Dimensiones 24 cm
490 0# - MENCIÓN DE SERIES
Mención de serie Colección universidad
500 ## - NOTA GENERAL
Materiales especificados La biblioteca tiene existencia el v.2
505 0# - NOTA DE CONTENIDO
Texto normalizado de contenido v.1 Desde Sucesiones y límite de sucesiones hasta series numéricas. -- v.2 Desde Funciones reales de varias variables reales hasta aplicaciones de las derivadas de funciones de varias variables.
590 ## - NOTA LOCAL
Texto de la nota local Inventariado, 2023/VM
650 #4 - ENCABEZAMIENTO DE MATERIA--TEMÁTICO
Término temático o nombre geográfico como elemento de entrada Matemáticas
Subdivisión temática general Enseñanza superior
Subdivisión de forma Libros de texto
Fechas activas
650 #4 - ENCABEZAMIENTO DE MATERIA--TEMÁTICO
Término temático o nombre geográfico como elemento de entrada Análisis matemático
Subdivisión de forma Libros de texto.
700 1# - ASIENTO SECUNDARIO -- NOMBRE PERSONAL
Nombre personal Paniagua, Rafael
910 ## - VALIDACIÓN
Validación VMateo V. Control de calidad. BPMSU
942 ## - ADDED ENTRY ELEMENTS (KOHA)
Source of classification or shelving scheme Dewey Decimal Classification
Koha item type Libros
Existencias
Withdrawn status Lost status Source of classification or shelving scheme Damaged status Not for loan Collection code Home library Current library Date acquired Source of acquisition Total Checkouts Full call number Barcode Date last seen Price effective from Koha item type
    Dewey Decimal Classification     Colección General Biblioteca Pública Metropolitana Salomé Ureña Biblioteca Pública Metropolitana Salomé Ureña 11/28/2017 FUNDI   BPMSU CG 510.7 M294p 1996 BPMSU17110488 11/28/2017 11/28/2017 Libros